The Little Data Book on Information and Communication Technology 2007 (Record no. 14392)

000 -LEADER
fixed length control field 01146cam a22002654a 4500
020 ## - INTERNATIONAL STANDARD BOOK NUMBER
ISBN 0821369733
020 ## - INTERNATIONAL STANDARD BOOK NUMBER
ISBN 9780821369746
040 ## - CATALOGING SOURCE
Transcribing agency DDC
082 ## - DEWEY DECIMAL CLASSIFICATION NUMBER
Classification number 330 WOR 2007 A065 Or.
245 04 - TITLE STATEMENT
Title The Little Data Book on Information and Communication Technology 2007
260 ## - PUBLICATION, DISTRIBUTION, ETC. (IMPRINT)
Place of publication Washington, D.C. :
Name of publisher The World Bank,
Year of publication 2007.
300 ## - PHYSICAL DESCRIPTION
Number of Pages 1 online resource (236 p.)
490 1# - SERIES STATEMENT
Series statement World Development Indicators
520 3# - SUMMARY, ETC.
Summary, etc This new addition to the Little Data Book series presents at-a-glance tables for over 140 economies showing the most recent national data on key indicators of information and communications technology (ICT), including access, quality, affordability, efficiency, sustainability, and applications.
650 #4 - SUBJECT ADDED ENTRY--TOPICAL TERM
Topical Term E-Business.
650 #4 - SUBJECT ADDED ENTRY--TOPICAL TERM
Topical Term ICT Policy and Strategies.
650 #4 - SUBJECT ADDED ENTRY--TOPICAL TERM
Topical Term Industry.
650 #4 - SUBJECT ADDED ENTRY--TOPICAL TERM
Topical Term Information and Communication Technologies.
650 #4 - SUBJECT ADDED ENTRY--TOPICAL TERM
Topical Term Information Security and Privacy.
650 #4 - SUBJECT ADDED ENTRY--TOPICAL TERM
Topical Term Private Sector Development.
650 #4 - SUBJECT ADDED ENTRY--TOPICAL TERM
Topical Term Technology Industry.
650 #4 - SUBJECT ADDED ENTRY--TOPICAL TERM
Topical Term Telecommunications Infrastructure.
856 40 - ELECTRONIC LOCATION AND ACCESS
Uniform Resource Identifier http://elibrary.worldbank.org/content/book/9780821369739
942 ## - ADDED ENTRY ELEMENTS (KOHA)
Koha item type សៀវភៅភាសាអង់គ្លេស
952 ## - LOCATION AND ITEM INFORMATION (KOHA)
Withdrawn status [LOCAL, KOHA] 0
952 ## - LOCATION AND ITEM INFORMATION (KOHA)
Withdrawn status [LOCAL, KOHA] 0
Holdings
Permanent Location Date acquired Koha item type Lost status Shelving location Barcode Current Location Full call number
Library Block A2017-10-16សៀវភៅភាសាអង់គ្លេស A065A22004Library Block A330 WOR 2007 A065 Or.
Library Block A2017-10-16សៀវភៅភាសាអង់គ្លេស A065A20949Library Block A330 WOR 2007 A065 Or.
មជ្ឈមណ្ឌលឯការនៃសាកលវិទ្យាល័យភូមិន្ទកសិកម្មចំការដូង

Powered by Koha